Ficha Limpa e Presunȯ̂ de Inocn̊cia Da inelegibilidade por condenaȯ̂ criminal nô definitiva /

Detalles Bibliográficos
Autor principal: Nogueira Cavalcante, Andř
Formato: eBook
Lenguaje:portugués
Publicado: San Pablo: Letras Jurídicas Editora 2016
Materias:
Acceso en línea:Acceso restringido

MARC

LEADER 00000nam a22000007a 4500
005 20200723001814.0
007 cr|||| ||||
008 200723s2016 br |||||s|||| 00||0 por d
020 |a 978-85-8248-065-6 
035 |a 31865 
040 |a vLex 
090 |c 10692  |d 10692 
100 1 |a Nogueira Cavalcante, Andř 
245 1 0 |a Ficha Limpa e Presunȯ̂ de Inocn̊cia  |h [Recurso electrn̤ico] :  |b Da inelegibilidade por condenaȯ̂ criminal nô definitiva /  |c Andr ̌Nogueira Cavalcante 
256 |a Servicio en ln̕ea 
260 |a San Pablo:  |b Letras Jurídicas Editora  |c 2016 
300 |a 1 recurso electrn̤ico 
500 |a Trata-se de dissertaȯ̂ de mestrado cujo objetivo ̌confrontar o instituto jurd̕ico da inelegibilidade por condenaȯ̂ criminal por r̤gô judicial colegiado, sem trńsito em julgado, trazida a lume pela Lei Complementar n. 135/2010 (Lei da “Ficha Limpa”), com o dispositivo constitucional da presunȯ̂ de inocn̊cia, insculpida no art. 5ð, LVII, da Constituiȯ̂ Federal brasileira de 1988. 
506 1 |a Disponible solo en los productos indicados  |d vLex Global  |d vLex Global (Academic Edition, excluding Law Schools)  |d vLex Global (U.S. Academic Edition, Law Schools)  |d vLex Global (U.S. Academic Edition, excluding Law Schools)  |d vLex Global (Academic Edition, Law Schools) 
650 0 4 |a Rǧimen Electoral  |z Brasil 
740 0 |a vLex Libros (Servicio en ln̕ea) 
856 4 0 |u http://vlex.com/source/ficha-limpa-e-presun-o-de-inoc-ncia-da-inelegibilidade-por-condena-o-criminal-n-o-definitiva-31865  |z Acceso restringido 
942 |c BOOK 
999 0 |a Electoral Regime